Historia de la literatura española; con antología /
Guardado en:
| Autor Principal: | |
|---|---|
| Formato: | Libro |
| Publicado: |
Buenos Aires :
Luis Lasserre,
1974
|
| Edición: | 10a. ed. |
| Materias: | |
| Etiquetas: |
Agregar Etiqueta
Sin Etiquetas, Sea el primero en etiquetar este registro!
|
| LEADER | 00944nam a22002655a 4500 | ||
|---|---|---|---|
| 001 | CEM.cems001004 | ||
| 005 | 20060213000000.0 | ||
| 008 | 130507s1974##################000#0#####d | ||
| 003 | CEMS | ||
| 082 | 0 | 4 | |a 860.9 |
| 100 | 1 | |a Berenguer Carisomo, Arturo | |
| 245 | 1 | 0 | |a Historia de la literatura española; con antología / |
| 250 | |a 10a. ed. | ||
| 260 | |a Buenos Aires : |b Luis Lasserre, |c 1974 | ||
| 300 | |a 700 p. | ||
| 653 | |a Literatura | ||
| 653 | |a Literatura española | ||
| 653 | |a Literatura española-historia | ||
| 653 | |a Romancero | ||
| 653 | |a Romances | ||
| 859 | |a CEMS |b BIB. CEMS - 11 de abril |h 860.9 |i B425-2a10 |p 7443.80 |t Ej.1 | ||
| 859 | |a CEMS |b BIB. CEMS - 11 de abril |h 860.9 |i B425-2a10 |p 7444.80 |t Ej.2 | ||
| 859 | |a CEMS |b BIB. CEMS - 11 de abril |h 860.9 |i B425-2a10 |p 7445.80 |t Ej.3 | ||
| 859 | |a CEMS |b BIB. CEMS - 11 de abril |h 860.9 |i B425-2a10 |p 7446.80 |t Ej.4 | ||
| 859 | |a CEMS |b BIB. CEMS - 11 de abril |h 860.9 |i B425-2a10 |p 7447.80 |t Ej.5 | ||
